000 00466ntaaa2200181 4500
003 01
005 20251027202410.0
008 0714s1973 ag 01
040 _aAR-BaBN
_bspa
_cAR-BaBN
_eaacr
_dRIC
082 _a286.0000 C23
100 _aCarroll, J.M.
245 _aEl rastro de la sangre
250 _a1 ed.
260 _aBuenos Aires :
_bJunta de Publicaciones,
_cc1946
300 _a68 p
500 _aEj. 4 (20298) falta segĂșn inventario 1980
942 _cBK
999 _c18893
_d18893